Knihovna vypůjčených srdcí / (Záznam č. 34242)

Podrobnosti MARC
000 -Návěští
Řídící pole kódované 24B 02026nam a2200337 i 4500
001 - Kontrolní číslo
Řídící pole proměnné 5228441
003 - Identifikátor kontrolního čísla
Řídící pole proměnné CZ PrSKC
005 - Datum posledního zpracování
Řídící pole 16B 20260429111543.0
007 - Pole pevné délky pro fyzický popis
Řídící pole kódované ta
008 - Údaje pevné délky
Řídící pole kódované 40B 260408s2026 xr g 000 f cze
020 ## - ISBN
ISBN 9788027744435
Dostupnost Kč 499,00
040 ## - Zdroj katalogizace-agentura
Agentura původní katalogizace ABG001
Jazyk katalogizace cze
Použitá pravidla popisu rda
041 1# - Kód jazyka
Kód jazyka textu/zvuku, mezititulků cze
Kód jazyka originálu eng
072 #7 - Kód předmětové kategorie - Konspekt
Předmětová kategorie 821.111(73)-3
Zpřesnění předmětové kategorie Americká próza
Zdroj předmětové klasifikace Konspekt
080 ## - MDT
Klasifikační znak MDT 821.111(73)-31
Idetifikátor vydání MDT MRF
080 ## - MDT
Klasifikační znak MDT (0:82-31)
Idetifikátor vydání MDT MRF
100 1# - Hlavní záhlaví - osobní jméno autora
Osobní jméno Gilmore, Lucy
Kód role aut
9 (RLIN) 20734
240 10 - Unifikovaný název
Unifikovaný název <a href="Library of borrowed hearts.">Library of borrowed hearts.</a>
Jazyk díla Česky
245 10 - Údaje o názvu
Název Knihovna vypůjčených srdcí /
Údaj o odpovědností, atd. Lucy Gilmore ; přeložila Karolina Limrová
264 #1 - Nakladatelské údaje
Místo vydání Praha :
Nakladatel Dobrovský s.r.o.,
Rok vydání 2026
300 ## - Fyzický popis
Rozsah 357 stran ;
Rozměry 21 cm
490 1# - Údaje o edici
Údaje o edici Kontrast
500 ## - Všeobecná poznámka
Text obecné poznámky Přeloženo z angličtiny
520 2# - Anotace
Anotace, atd. Romantický příběh vypráví o neohrožené Chloe, která se sama stará o své tři mladší sourozence. Rozhodně to nemá jednoduché. Přesto ji čeká jedno velké překvapení, které jí změní život.
Rozšířený text anotace Chloe Sampsonová to nemá lehké: stará se o tři mladší sourozence, hledá své pravé já a snaží se vydělat dost na to, aby měli z čeho žít. Už se zdá, že se ocitla v koncích, když ve sklepení knihovny, kde pracuje, najde velmi vzácnou starou knihu. K jejímu úžasu se vzápětí na prahu jejího domu objeví věčně nabručený samotářský soused a nabídne jí za ni doslova majlant. Když si ji Chloe prohlédne podrobněji, zjistí, že si na okrajích stránek dva mladí milenci kdysi nechávali vzkazy. Chloe nedokáže záhadě odolat a rozhodne se jí přijít na kloub. S nadšením zjišťuje, že to nebyla jediná kniha plná romantických vzkazů. Čím hlouběji se však do dechberoucí honby za pokladem noří, tím víc otázek vyvstává. Nakladatelská anotace. Kráceno.
655 #7 - Rejstříkový termín - žánr/forma
Žánr/forma či základní termín americké romány
655 #9 - Rejstříkový termín - žánr/forma
Žánr/forma či základní termín American fiction
700 1# - Vedlejší záhlaví - osobní jméno autora
Osobní jméno Limrová, Karolina,
Datumy související se jménem 1979-
Kód role trl
9 (RLIN) 12324
710 2# - Vedlejší záhlaví - jméno korporativního autora
Jméno korporace nebo jurisdikce Dobrovský (firma)
Kód role pbl
9 (RLIN) 20424
910 ## - Údaje o vlastníkovi jednotky (exempláře)
Sigla vlastníka jednotky ABG508
Jednotky
Stav ztráty Zdroj klasifikace pro skladování Stav poškození
  Universal Decimal Classification  

Používáme knihovní systém Koha